| 000 | 00917nam a22003137a 4500 | ||
|---|---|---|---|
| 001 | 0004116 | ||
| 003 | KOHA_MİRAKIL | ||
| 005 | 20260207001400.0 | ||
| 007 | ta | ||
| 008 | 090416b1997 tu |||gr||||#0|||1|tur | | ||
| 020 | _a9753636520 | ||
| 040 |
_aTR-BiSEU _btur _cTR-BiSEU _erda |
||
| 041 | 0 | _atur | |
| 044 | _ctu | ||
| 050 |
_aPL234.M47 _bB57 1997 |
||
| 100 | 1 | _aMert, Özkan. | |
| 245 | 1 |
_aBir dünyalının notları : _btoplu şiirler, 1960-1995/ _cÖzkan Mert ; Özkan Mert. |
|
| 264 | 1 |
_aİstanbul : _bYapı Kredi Yayınları _c1997 |
|
| 300 | _a465 sayfa | ||
| 336 |
_ametin _btxt _2rdacontent |
||
| 337 |
_aaracısız _bn _2rdamedia |
||
| 338 |
_acilt _bnc _2rdacarrier |
||
| 490 | 1 |
_aYapı Kredi Yayınları - Şiir ; _v74 |
|
| 650 | 0 |
_aTürk şiiri. _93914 |
|
| 650 | 0 |
_aTurkish poetry. _93912 |
|
| 830 | 1 |
_aYapı Kredi Yayınları - Şiir ; _v74 _99605 |
|
| 907 | _aŞiir | ||
| 942 |
_2lcc _cBK |
||
| 999 |
_c4099 _d4099 |
||